Score 0/300 Timer 05:00
0 Plays Today
% Correct
...
100%
I
92.3%
I
92.3%
I
92.3%
I
92.3%
I
92.3%
'I
92.3%
I
92.3%
I
92.3%
I
92.3%
I
92.3%
I
92.3%
I
92.3%
I
92.3%
I
92.3%
I
92.3%
I
92.3%
I
92.3%
a
91.3%
a
91.3%
a
91.3%
a
91.3%
a
91.3%
a
91.3%
the
90.4%
the
90.4%
the
90.4%
the
90.4%
the
90.4%
the
90.4%
the
90.4%
the
90.4%
the
90.4%
the
90.4%
the
90.4%
the
90.4%
you
86.5%
ya
86.5%
and
82.7%
and
82.7%
and
82.7%
and
82.7%
and
82.7%
and
82.7%
and
82.7%
and
82.7%
and
82.7%
and
82.7%
and
82.7%
and
82.7%
be
77.9%
is
76%
In
76%
in
76%
in
76%
in
76%
is
76%
Is
76%
is
76%
in
76%
to
75%
to
75%
to
75%
to
75%
to
75%
to
75%
of
70.2%
of
70.2%
of
70.2%
of
70.2%
of
70.2%
of
70.2%
of
70.2%
of
70.2%
of
70.2%
my
68.3%
on
68.3%
my
68.3%
my
68.3%
my
68.3%
my
68.3%
on
68.3%
my
68.3%
my
68.3%
my
68.3%
on
68.3%
my
68.3%
on
68.3%
my
68.3%
where
67.3%
when
67.3%
when
67.3%
when
67.3%
'naw,
67.3%
your
65.4%
no
64.4%
yo homes,
63.5%
'Yo homes,
63.5%
this
62.5%
yo
62.5%
% Correct
this
62.5%
this
62.5%
this
62.5%
this
62.5%
this
62.5%
how
60.6%
how
60.6%
me
60.6%
me
60.6%
me
60.6%
so,
60.6%
for
58.7%
for
58.7%
who
57.7%
'You're
57.7%
it.'
56.7%
it
56.7%
it
56.7%
it,
56.7%
got
55.8%
got
55.8%
got
55.8%
life
54.8%
there,
53.8%
up
53.8%
there,
53.8%
If
53.8%
up
53.8%
there,
53.8%
all
52.9%
I'll
52.9%
all
52.9%
all
52.9%
one
52.9%
all
52.9%
I'll
52.9%
was
51%
was
51%
was
51%
down
50%
were
49%
day
49%
day,
49%
story
48.1%
about
48.1%
about
48.1%
Bel-Air.
47.1%
Bel-Air.'
47.1%
Bel-Air.
47.1%
Bel-Air.
47.1%
Bel-Air.
47.1%
Bel-Air!'
47.1%
Bel-Air.
47.1%
just
46.2%
what
46.2%
Now
45.2%
out,
45.2%
she
45.2%
she
45.2%
She
45.2%
she
45.2%
out
45.2%
like
44.2%
like?
44.2%
I'd
42.3%
prince
42.3%
West
42.3%
with
42.3%
with
42.3%
prince
42.3%
prince
42.3%
Philadelphia
41.3%
upside
40.4%
born
40.4%
raised,
40.4%
turned
39.4%
right
39.4%
tell
38.5%
auntie
38.5%
uncle
38.5%
that,
37.5%
take
36.5%
sit
36.5%
said
36.5%
said
36.5%
said
36.5%
sit
36.5%
called
35.6%
good
35.6%
had
35.6%
town
34.6%
playground
34.6%
spent
34.6%
most
34.6%
days.
34.6%
mom
34.6%
her
34.6%
flipped,
33.7%
became
33.7%
little
33.7%
% Correct
fight
32.7%
as
32.7%
they
32.7%
could
32.7%
as
32.7%
but
31.7%
But
31.7%
but
31.7%
scared,
30.8%
movin'
30.8%
'fresh'
30.8%
b-ball
29.8%
guys
29.8%
cab
29.8%
cab
29.8%
at
29.8%
minute,
28.8%
Chillin'
28.8%
some
28.8%
couple
28.8%
makin'
28.8%
neighborhood
28.8%
started
27.9%
trouble
27.9%
relaxin'
26.9%
say
26.9%
cool
26%
school,
26%
cool
26%
then
25%
shootin'
24%
outside
24%
came
24%
maxin',
23.1%
get
22.1%
dice
22.1%
mirror.
21.2%
smell
21.2%
don't
20.2%
whistled
20.2%
license
20.2%
later!
20.2%
see
19.2%
plate
19.2%
pulled
18.3%
house
18.3%
way.
17.3%
well
17.3%
near,
17.3%
anything
16.3%
rare,
16.3%
thought,
16.3%
forget
16.3%
think
13.5%
cabbie,
13.5%
7 or 8
12.5%
they're
11.5%
they're
11.5%
throne
11.5%
kingdom,
10.6%
finally
10.6%
hear
9.6%
yelled
9.6%
might
8.7%
might
8.7%
looked
8.7%
after
7.7%
put
6.7%
livin'
5.8%
people
4.8%
wait,
4.8%
kiss
3.8%
packed
2.9%
sent
2.9%
bad,
2.9%
begged
1.9%
pleaded
1.9%
suitcase
1.9%
gave
1.9%
gave
1.9%
ticket,
1.9%
kick
1.9%
place
1.9%
First
1%
Class,
1%
orange
1%
juice
1%
champagne
1%
glass.
1%
send
1%
cat?
1%
hope
1%
Walkman
0%
drinking
0%
Hmm
0%
alright.
0%
prissy,
0%
wine,
0%
type
0%
prepared
0%
Remove Ads.
Support Sporcle.
Get the best of Sporcle when you Go Orange. This ad-free experience offers more features, more stats, and more fun while also helping to support Sporcle. Thank you for becoming a member.

You're not logged in!

Compare scores with friends on all Sporcle quizzes.
OR
Log In

Show Comments

Extras

Top Quizzes Today


Score Distribution

Your Account Isn't Verified!

In order to create a playlist on Sporcle, you need to verify the email address you used during registration. Go to your Sporcle Settings to finish the process.

Report this User

Report this user for behavior that violates our Community Guidelines.

Details: